000 004610000a22001810004500
003 MACL
005 20160120121035.0
008 160120b xxu||||| |||| 00| 0 eng d
040 _aMACL
_cMACL
041 _aEnglish
082 _a320/ZAK
100 _aZakaria, Rafiq
_91794
245 _aSArdar patel And Indian Muslims
260 _bBhartiya vidhya Bhavan
_c1996
_aMumbai
350 _a125
650 _aPolitical Science
_933514
942 _cBK
_k320/zax
_2ddc
999 _c32598
_d32598